| 000 | 00556cam a22001811 4500 | ||
|---|---|---|---|
| 001 | 45446 | ||
| 090 | _a45446 | ||
| 100 | _a19981228d1941 m y0pory5003 ba | ||
| 101 | 0 | _apor | |
| 102 | _aPT | ||
| 200 | 1 |
_aO problema do Cancro _fpelo Instituto Português de Oncologia |
|
| 210 | 9 |
_aLisboa _cEdições Cosmos, _dimp. 1941 |
|
| 215 |
_a107, [5] p. _d20 cm |
||
| 225 | 2 |
_aBiblioteca Cosmos _v8. _h1.ª seccão. _iCiências e técnica. Ciências Biológicas _v2 |
|
| 675 | _a616 | ||
| 710 | 0 | 1 |
_aPortugal. _bInstituto Português de Oncologia |
| 801 | 0 |
_aPT _bBN _gRPC |
|
| 990 | _cLIVROS | ||